MDQL
is popping MORE tags! Check the
thread
!
Quizzes
Events
Quiz Creation
Community
Videos
Private Events
Remove Ads
Sign In
Join for FREE
Feedback
Dark Mode
Quiz Categories
Sports
Geography
Music
Movies
Television
Just For Fun
Miscellaneous
History
Literature
Language
Science
Gaming
Entertainment
Religion
Holiday
For Kids
Quiz Lab
Recent
Popular Today
Quiz Kudos Today
Editor Picks
Curator Picks
Quizzes by...
Day
Popularity
Type
Ratings
Length
Year
Community
Subscriptions
Recent Discussions
Orange Saloon
Badges
Playlists
Quests
Create
Leaderboards
Showdown
Live 5
Trivia Bingo
Activity
Puzzle Library
Sporcle Events
Private Events
Virtual Trivia
Globe League
Become a Host
Pub Owners
SporcleCon
Opinionation
Our Games
Videos
Blog
Mobile Apps
Partnerships
Remove Ads and Go Orange
Feedback
Music
Pop Music
The Beatles
Song
Album
Lyrics
Bands
Singers
Artist
Clip
Rock
Rap
Classical
Billboard
Country Music
Kpop
Taylor Swift
Music
Pop Music
The Beatles
Song
Album
Lyrics
Bands
Singers
Artist
Clip
Rock
Rap
Classical
Billboard
Country Music
Kpop
Taylor Swift
Random Quiz
Search Sporcle
×
Quiz Lab
Quiz Lab
Music
Song
Type in answers that appear in a list
Type in answers that appear in a list
Classic
Best Score? Go Orange.
Wang Chung songs Stats
Can you name the Wang Chung songs
By
kevinswag95
10m
37 Questions
30 Plays
30 Plays
30 Plays
Comments
Comments
Give Quiz Kudos
Give Quiz Kudos
-
- Ratings
hide this ad
Replay
Link that replays current quiz
Next Quiz
Link to next quiz in quiz playlist
You Got
0%
They Got
Avg Score
33%
Avg Friend Score
Upgrade to see
Score Distribution
Jump to the score distribution portion of the page
Score
0/37
Timer
10:00
0
Plays Today
Album
Song
% Correct
Mosaic
Everybody Have Fun Tonight
96.7%
Points on the Curve
Dance Hall Days
86.7%
Mosaic
Let's Go!
80%
Points on the Curve
Don't Let Go
66.7%
The Warmer Side of Cool
The Warmer Side of Cool
60%
Points on the Curve
Wait
56.7%
To Live and Die L.A.
To Live and Die in L.A.
56.7%
To Live and Die L.A.
Wait
56.7%
Mosaic
Hypnotize Me
53.3%
Mosaic
The World in Which We Live
40%
Points on the Curve
Don't Be My Enemy
36.7%
The Warmer Side of Cool
Praying to a New God
36.7%
Points on the Curve
True Love
30%
Points on the Curve
Look at Me Now
30%
To Live and Die L.A.
Lullaby
30%
To Live and Die L.A.
City of the Angels
30%
To Live and Die L.A.
Every Big City
30%
The Warmer Side of Cool
Big World
30%
Points on the Curve
The Waves
26.7%
Album
Song
% Correct
Points on the Curve
Devoted Friends
23.3%
To Live and Die L.A.
Wake Up Stop Dreaming
23.3%
Mosaic
The Flat Horizon
23.3%
The Warmer Side of Cool
What's So Bad About Feeling Good?
23.3%
Points on the Curve
Talk It Out
20%
The Warmer Side of Cool
Snakedance
20%
Points on the Curve
Even If You Dream
16.7%
To Live and Die L.A.
Black-Blue-White
16.7%
Mosaic
Eyes of the Girl
16.7%
The Warmer Side of Cool
Swing
16.7%
The Warmer Side of Cool
When Love Looks Back At You
16.7%
The Warmer Side of Cool
Logic and Love
16.7%
The Warmer Side of Cool
Tall Trees in a Blue Sky
16.7%
To Live and Die L.A.
The Red Stare
13.3%
Mosaic
Betrayal
13.3%
Mosaic
A Fool and His Money
13.3%
The Warmer Side of Cool
At the Speed of Life
13.3%
The Warmer Side of Cool
Games of Power
6.7%
Quiz Playlist
Details
Report
Send in Message
Add To Playlist
Classic:
Type in answers that appear in a list
Last Updated: Feb 16, 2017
Quiz Scoreboard
CHALLENGE
Sign Up to Join the Scoreboard
Show All
Scores
Hide
Comments
May contain spoilers
Recently Published
Image Sorting: Flags VI
by Barbecue
Geography
2m
Find the 'City' Movie
by crazypaving
Movies
60s
Colored Red Africa Blitz
by spor1
Geography
45s
More to Explore
Quiz From the Vault
Featured Blog Post
14 Easter Pick-up Lines to Find Eggs With
hide this ad
You Might Also Like...
Tags
Album Quiz
Song Quiz
Today's Top Quizzes in Music
Browse Music
hide this ad
Today's Top Quizzes in Song
Browse Song
Top Contributed Quizzes in Music
1
5X2 Blitz: Bands II
2
5X2 Blitz: The Beatles
3
Taylor Swift All Songs (2024)
4
5X2 Blitz: Billboard
5
5X2 Blitz: Billboard II
6
5X2 Blitz: Album
7
5X2 Blitz: Rock
8
5X2 Blitz: Singers
9
Music Artist by Three 2010s hits
10
5X2 Blitz: Lyrics
Explore More
Trending Topics
Marvel
Anime
Crossword
NBA
Harry Potter
Disney
Kpop
The Office
Country
NFL
WWE
Soccer
Pokémon
Song
Puzzle
hide this ad
More By:
kevinswag95
Quiz
Plays
Rating
Category
Featured
Created
Bananarama Top 40 Dance Charts
50
Music
Mar 10, 2014
Eric B. and Rakim
45
5.00
Music
Feb 12, 2014
Wang Chung songs
30
Music
Mar 23, 2014
Whodini songs
13
5.00
Music
Feb 12, 2014
Whodini Albums
5
5.00
Music
Feb 26, 2014
Go to Creator's Profile
Score Distribution
Quiz Creator Spotlight
kevinswag95
Follow
Send a Message
Quizzes Created
-
Created Quiz Play Count
-
More By This Creator
Popular Quizzes Today
1
Colored Red Africa Blitz
2
Find the US States - No Outlines Minefield
3
Find the 'City' Movie
4
5x2 Blitz: Bands
5
The Countries of the World
6
Find the US States
7
Find the Countries of Europe - No Outlines Minefield
8
US States
More Music Quizzes
Billboard Chart Achievements
Editor's Pick
Trending Quizzes
Colored Red Europe Blitz I
Colored Red Africa Blitz II
Colored Red Europe Blitz II
Colored Red Africa Blitz III
Colored Red Europe Blitz III
Recently Updated
How Do You Spell That?
pecheneg
Godzilla Movies
pecheneg
Grab Bag: 4-10 Letters
pecheneg
2024 March Madness Bracket
pecheneg
Famous TV Couples
Peacemaker
Champions League XIs: Real Madrid
pecheneg
Largest US Cities 1790-2010
pecheneg
Rides in Walt Disney World
pecheneg
Most Oscar Losses (Acting)
pecheneg
Beyoncé Albums
pecheneg
Trending Topics
Anime
Disney
Kpop
Crossword
Marvel
NBA
Harry Potter
Song
Country
Puzzle
WWE
The Office
Pokémon
NFL
Soccer
Your Account Isn't Verified!
In order to create a playlist on Sporcle, you need to verify the email address you used during registration. Go to your
Sporcle Settings
to finish the process.
Report this User
Report this user for behavior that violates our
Community Guidelines
.
Details:
Send Report
Go to the Sporcle.com Mobile Site →
Comments